00506 a2200181 450000100060000002000180000604000240002410000190004824000310006724500260009830000070012436200090013144000230014065000310016394200070019495201060020199900170030770318 a9788576668350 cAnchieta - Itaigara aSouza, Shirley10aNão é brincadeiralpor10aNão é brincadeira a240 a2006 1aEscala Educacional 4aLiteratura infanto-juvenil cBK 00104070a88.1b88.1d2023-11-21l0o028.5 SOU NÃOp3623/ITAr2023-11-21 20:05:17w2023-11-21yBK c70318d70318